[Kalendár 2006]

Bibliographic Details
Corporate Authors: Základná škola, Jahodnícka (Martin, Slovensko) (Author), Základní škola, Křiby (Zlín, Česko) (Author)
Format: Photo
Language:Slovak
Czech
PhysicalDescription:1 kalendár ([12] l.) ilustr. 30 x 21 cm
Published: [Martin ZŠ Janodnícka 2006]
ISBN:(brož.)
Edition:[1. vyd.]
Subjects:

MARC

LEADER 00000nkm a2200000 a 4500
001 vtls008817466
003 SK-MaSNL
005 20260425225546.0
007 kf co
008 200701s2006 xo g kuslo
015 |a SNBG2006/03-00812 
020 |a (brož.) 
040 |a SNK  |b slo  |c SNK  |e AACR2 
041 0 |a slo  |a cze 
043 |a e-xo---  |a e-xr--- 
044 |a xo  |c SK 
080 |a 373.3  |2 2001 
080 |a 316.4.063.3  |2 2001 
080 |a (437.6)  |2 2001 
080 |a (437.3)  |2 2001 
080 |a (059)  |2 2001 
080 |a 741/744-053.2  |2 2001 
245 1 0 |a [Kalendár 2006]  |h grafika  |c ZŠ Jahodnícka Martin - ZŠ Křiby Zlín 
250 |a [1. vyd.] 
260 |a [Martin  |b ZŠ Janodnícka  |c 2006] 
300 |a 1 kalendár ([12] l.)  |b ilustr.  |c 30 x 21 cm 
500 |a Mesačný kalendár 
546 |a Súbežný text čes. 
650 0 7 |a detské kresby  |2 SNKPH  |9 87886 
651 7 |a Slovensko  |2 SNKPH  |9 14231 
651 7 |a Česko  |2 SNKPH  |9 16753 
655 7 |a nástenné viaclistové kalendáre  |2 SNKPH  |9 302208 
710 2 |a Základná škola, Jahodnícka (Martin, Slovensko)  |4 aut  |9 88258 
710 2 |a Základní škola, Křiby (Zlín, Česko)  |4 aut  |9 89834 
958 |a GBN 
999 |c 652467  |d 654397 
952 |a SNK  |b SNK  |y PREZ  |7 0  |p 17A0513861  |o snkOSC 23547  |i snk2006/12695  |8 0  |0 0  |1 0  |4 0  |d 2006-06-23  |l 0  |r 2026-02-23 18:26:17  |w 2026-02-23